00924cam a22002531 450000100060000000300080000600500170001400800390003103500190007004000370008904100080012608200250013410000560015924500760021526000520029130000320034350400380037565000230041365000350043665000210047194200120049299900170050495201490052112108BD-RjUL20211208235233.0140128r19671966nyua b 001 0 eng a(BD-RjUL)12157 aDLCcDLCdICUdDLCdBD-RjULbeng aeng00a571.86bWAP 19672231 aWaddington, C. H.q(Conrad Hal),d1905-1975.93750610aPrinciples of development and differentiation /c[by] C. H. Waddington. aNew York :bMacmillan,cc1966 [Reprinted 1967]. ax, 115 p. :bill. ;c24 cm. aIncludes bibliography and index. 0aEmbryology.937507 0aDevelopmental genetics.937508 0aCytology.937509 2ddccBK c12108d12108 00102ddc40718NFICaRUCLbRUCLcReadingd1969-05-05eBook centre, Daccag11.75l0o571.86 WAP 1967r2014-01-28 00:00:00tC-1w2021-12-08yBK